| 000 | 00000nas##2200000za#4500 |
| 001 | 9.512595 |
| 003 | CaOODSP |
| 005 | 20200325124910 |
| 007 | ta |
| 008 | 150406c1999||||xxc|| p #||||f| |0fre|d |
| 022 | |a1480-0780 |
| 040 | |aCaOODSP|bfre |
| 043 | |an-cn--- |
| 086 | 1 |aA27-19F |
| 110 | 1 |aCanada. |bAgriculture et agroalimentaire Canada. |bDirection générale des politiques. |
| 245 | 10|aRapport trimestriel sur le commerce agroalimentaire, faits saillants |
| 260 | |aOttawa - Ontario : |bAgriculture et Agroalimentaire Canada. |
| 310 | |aTrimestriel |
| 563 | |aReliure à spirale |
| 691 | 07|aAnalyse de marché|2gcpds |
| 691 | 07|aIndustrie agro-alimentaire|2gcpds |
| 775 | 08|tQuarterly agri-food trade highlights / |w(CaOODSP)9.514165 |
| 776 | 0#|tRapport trimestriel sur le commerce agroalimentaire, faits saillants / |w(CaOODSP)9.500795 |